| 000 | 00779nam a2200217 i 4500 | ||
|---|---|---|---|
| 999 |
_c7760 _d7760 |
||
| 001 | 991058478168306706 | ||
| 003 | OSt | ||
| 005 | 20230720105553.0 | ||
| 006 | m o d | | ||
| 007 | cr ||||||||||| | ||
| 008 | 201029s2019 sp a ob 000 0 spa d | ||
| 040 |
_aCDMR _cCDMR _bcat |
||
| 110 |
_94868 _aMetroscopia |
||
| 245 | 1 | 0 |
_aLa inteligencia artificial en el periodismo : _bsondeo de opinión : Junio 2023 [recurs electrònic] / _c Metroscopia |
| 264 | 1 | _c[2023] | |
| 300 | _a1 recurs electrònic (7 pàgines) | ||
| 650 | 0 |
_aIntel·ligència artificial _94722 _zEspanya _vEnquestes |
|
| 650 | 0 |
_aPeriodisme _92272 _xInnovacions tecnològiques _zEspanya _vEnquestes |
|
| 856 |
_zAccés en línia _uhttps://www.amic.media/media/files/file_352_3828.pdf |
||
| 942 |
_2udc _cLLIBRE-E |
||